01016nam a2200217 a 450000100100000000500170001000800410002704000250006808200150009310000250010824500660013326000960019930000310029549000740032650000590040083000810045904900090054095201190054995201130066899900170078100002169720200930011421.0100910s1994 dr d 000 0 spa d aDO-SdBNPbspacBNPHU axxxbV297o1 aVargas, Tahira9196614aLas organizaciones de base en Santo Domingo /cTahira Vargas. aSanto Domingo :bPublicaciones del Centro de Estudios Sociales, Padre Juan Montalvo,c1994. a175 p. :bdiagr. ;c21 cm.1 aPublicaciones del Centro de Estudios Sociales, Padre Juan Montalvov6 aIncluye notas al pie de páginas e indice de cuadros. 0aPublicaciones del Centro de Estudios Sociales, Padre Juan Montalvon6945130 aBNPD 0010718PDaPDbPDcCTd2010-09-10iLF1l0oxxx V297op21697-10r2020-06-25te. 2w2020-06-25yLFPDZNo se presta 0010718PDaPDbPDcCTd2010-09-10iLF1l0oxxx V297op21697-20r2020-06-25w2020-06-25yLFPDZNo se presta c21196d21196